Text book of surveying (Record no. 9715)

000 -LEADER
fixed length control field 00462nam a2200193 4500
001 - CONTROL NUMBER
control field 9715
003 - CONTROL NUMBER IDENTIFIER
control field BD-DhUET
008 - FIXED-LENGTH DATA ELEMENTS--GENERAL INFORMATION
fixed length control field 150201b xxu||||| |||| 00| 0 eng d
040 ## - CATALOGING SOURCE
Original cataloging agency DLC
Transcribing agency DLC
Modifying agency BD-DhUET
082 ## - DEWEY DECIMAL CLASSIFICATION NUMBER
Classification number 526.9
Item number SHA/1982
100 ## - MAIN ENTRY--PERSONAL NAME
Personal name Shajahan, M.
245 ## - TITLE STATEMENT
Title Text book of surveying
250 ## - EDITION STATEMENT
Edition statement 1st ed.
260 ## - PUBLICATION, DISTRIBUTION, ETC. (IMPRINT)
Place of publication, distribution, etc. Dacca
Name of publisher, distributor, etc. Kazi Mahfuzur Rahman
Date of publication, distribution, etc. 1982
300 ## - PHYSICAL DESCRIPTION
Extent x, 367p.
Other physical details ill.
650 #0 - SUBJECT ADDED ENTRY--TOPICAL TERM
Topical term or geographic name as entry element Surveying
700 ## - ADDED ENTRY--PERSONAL NAME
Personal name Aziz, M. A.
942 ## - ADDED ENTRY ELEMENTS (KOHA)
Koha item type General Book
Holdings
Koha normalized classification for sorting Withdrawn status Damaged status Koha date last borrowed Koha date last seen Date acquired Lost status Koha issues (times borrowed) Koha full call number Price effective from Sublocation or collection (holding branch) Not for loan Koha out on loan Copy number Location (home branch) Shelving location Source of classification or shelving scheme Koha item type Piece designation (barcode)
526_900000000000000_SHA_1982  2024-11-192025-12-022015-02-01 7526.9/SHA/19822015-02-01Central Library, BUET  1Central Library, BUETCirculation section General Book56198
526_900000000000000_SHA_1982  2024-11-192024-11-192015-03-24 8526.9/SHA/19822015-03-24Central Library, BUET 2024-12-032Central Library, BUETCirculation section General Book56200
526_900000000000000_SHA_1982   2015-06-082015-06-08  526.9/SHA/19822015-06-08Central Library, BUET  3Central Library, BUETReading section Reading Item56191
526_900000000000000_SHA_1982   2015-06-082015-06-08  526.9/SHA/19822015-06-08Central Library, BUET  4Central Library, BUETReading section Reading Item56195
526_900000000000000_SHA_1982   2015-06-092015-06-09  526.9/SHA/19822015-06-09Central Library, BUET  5Central Library, BUETReading section Reading Item56192
526_900000000000000_SHA_1982   2015-06-132015-06-13  526.9/SHA/19822015-06-13Central Library, BUET  6Central Library, BUETReading section Reading Item56194